16 Greatest Right Wingers in NHL Post-Expansion History - Statistics

General Stats
  • This quiz has been taken 94 times
  • The average score is 11 of 16
Answer Stats
# Team Right Winger % Correct
7 Blackhawks Patrick Kane
97%
1 Penguins Jaromír Jágr
94%
5 Oilers Jari Kurri
91%
6 Ducks Teemu Selänne
91%
4 Blues Brett Hull
90%
15 Lightning Martin St. Louis
86%
2 Islanders Mike Bossy
86%
8 Flames Jarome Iginla
83%
3 Canadiens Guy Lafleur
80%
11 Canucks Pavel Bure
66%
10 Capitals Mike Gartner
53%
13 Red Wings Gordie Howe
47%
9 Flyers Mark Recchi
44%
16 Sabres Alexander Mogilny
40%
12 Blackhawks Marián Hossa
31%
14 Canadiens Yvan Cournoyer
20%
No matching quizzes found
Score Distribution
Percent of People with Each Score
Percentile by Number Answered
Your Score History
You have not taken this quiz